000 00405pab a2200145 454500
008 180718b2005 xxu||||| |||| 00| 0 eng d
100 _aPittan, Maria Grazia
245 _aFitting regional income distributions in the European union
260 _c2005
300 _ap.135-61.
362 _aApr
650 _aIncome distribution
773 _aOxford Bulletin of Economics and Statistics
909 _a66104
999 _c66104
_d66104